2016 Presidential Candidates - Statistics

General Stats
  • This quiz has been taken 446 times
    367 since last reset
  • The average score is 11 of 15
Answer Stats
Hint Answer % Correct
Republican and Television Personality Donald Trump
99%
Democrat and Former Secretary of State Hillary Clinton
97%
Independent U.S. Senator Running as a Democrat Bernie Sanders
93%
Republican U.S. Senator from Texas Ted Cruz
93%
Republican U.S. Senator from Florida Marco Rubio
89%
Republican and Retired Neurosurgeon Ben Carson
82%
Republican and Ohio Governor John Kasich
72%
Republican and New Jersey Governor Chris Christie
71%
Republican U.S. Senator from Kentucky Rand Paul
70%
Republican and Former Florida Governor Jeb Bush
69%
Democrat and Former Governor of Maryland Martin O'Malley
56%
Republican and Former Business Executive Carly Fiorina
55%
Republican and Former Arkansas Governor Mike Huckabee
55%
Former Republican U.S. Senator from Pennsylvania Rick Santorum
46%
Republican and Former Virginia Governor Jim Gilmore
26%
No matching quizzes found
Score Distribution
Percent of People with Each Score
Percentile by Number Answered
Your Score History
You have not taken this quiz since the last reset